Tổng quan du lịch

Spremljeno u:
Bibliografski detalji
Glavni autor: Võ Văn Thành
Format: Knjiga
Jezik:Vietnamese
Izdano: 2007
Teme:
Oznake: Dodaj oznaku
Bez oznaka, Budi prvi tko označuje ovaj zapis!
Thư viện lưu trữ: Mạng thư viện Đại học Đà Nẵng
LEADER 01040nam a22003251a 4500
001 000036061
003 12353
005 20160323000000.0
008 160323s2007 000 vie
041 |a vie 
082 |a 658  |b VO-T 
100 |a Võ Văn Thành 
245 |a Tổng quan du lịch  |c Võ Văn Thành 
260 |c 2007 
300 |a 255tr . : mh ; 30cm 
650 |a Tổng quan du lịch, du lịch, Võ Văn Thành 
852 |b Chuyên đề  |c Giáo trình 
OWN |a LNN 
AVA |a UDN50  |b LNN  |d 658 VO-T  |e available  |t Error 5001 Not defined in file expand_doc_bib_avail.  |f 1  |g 0  |h N  |i 0  |k 1 
999 |a From the UDN01 
AVA |a UDN50  |b LNN  |d 658 VO-T  |e available  |t Error 5001 Not defined in file expand_doc_bib_avail.  |f 1  |g 0  |h N  |i 0  |k 1 
TYP |a Monograph 
TYP |a Printed language 
980 |a Mạng thư viện Đại học Đà Nẵng